| 000 | 00701cac a2200241 a 4500 | ||
|---|---|---|---|
| 003 | Co-PeBPM | ||
| 005 | 20250213152349.0 | ||
| 008 | 231129e1970||||xx |||||||||||||| ||spa|| | ||
| 040 | 0 |
_aCo-PeBPM _bspa _cCo-PeBPM _erda |
|
| 041 | 0 | _aspa | |
| 082 | 0 | 4 | _a142.3092 S387k |
| 100 | 1 |
_aSchultz, Uwe _eAutor |
|
| 245 | 1 | 0 |
_aKant _c/ Uwe Schultz |
| 260 |
_aValencia, España _b: Editorial Labor _c, 1970 |
||
| 300 |
_a125 Páginas _b: ilustraciones _c; 14 Centímetros |
||
| 500 | _aIncluye Índice. | ||
| 650 | 1 | 4 |
_2LEMB _aFilosofía alemana |
| 650 | 1 | 4 |
_2LEMB _aHistoria y crítica |
| 650 | 1 | 4 |
_2LEMB _aFilósofos alemanes |
| 650 | 1 | 4 |
_2LEMB _aBiografías |
| 650 | 1 | 4 |
_2LEMB _aTeología |
| 942 |
_2ddc _cBK |
||
| 999 |
_c16321 _d16321 |
||